| 000 | 00579cam a2200169 4500500 | ||
|---|---|---|---|
| 005 | 20260405003924.0 | ||
| 041 | _afre | ||
| 042 | _adc | ||
| 100 | 1 | 0 |
_aRovere, Maxime _eauthor |
| 700 | 1 | 0 |
_aEnjalbert, Cédric _eauthor |
| 245 | 0 | 0 | _aMaxime Rovere : “La philosophie est une vocation qui implique une ascèse” |
| 260 | _c2025. | ||
| 500 | _a8 | ||
| 690 | _aMaxime Rovere | ||
| 786 | 0 | _nPhilosophie magazine | 190 | 6 | 2025-06-01 | p. 20-22 | 1951-1787 | |
| 856 | 4 | 1 | _uhttps://shs.cairn.info/magazine-philosophie-magazine-2025-6-page-20?lang=fr&redirect-ssocas=7080 |
| 999 |
_c2072126 _d2072126 |
||